000
00199nam a2200085Ia 4500
008
170620s9999 xx 000 0 und d
100
_a
LAXMIKANTH- M
245
0
_a
INDIAN POLITY
260
_b
MC GRAW HILL EDUCATION
260
_c
2016
999
_c
30477
_d
30477